Risk Management in Construction (Record no. 81552)

MARC details
000 -LEADER
fixed length control field 02219namaa2200457uu 4500
001 - CONTROL NUMBER
control field doab135373
003 - CONTROL NUMBER IDENTIFIER
control field oapen
005 - DATE AND TIME OF LATEST TRANSACTION
control field 20260218110454.0
006 - FIXED-LENGTH DATA ELEMENTS--ADDITIONAL MATERIAL CHARACTERISTICS
fixed length control field m o d
007 - PHYSICAL DESCRIPTION FIXED FIELD--GENERAL INFORMATION
fixed length control field cr|mn|---annan
008 - FIXED-LENGTH DATA ELEMENTS--GENERAL INFORMATION
fixed length control field 240307s2024 xx |||||o ||| 0|eng d
020 ## - INTERNATIONAL STANDARD BOOK NUMBER
International Standard Book Number 9781837693092
020 ## - INTERNATIONAL STANDARD BOOK NUMBER
International Standard Book Number 9781837693108
020 ## - INTERNATIONAL STANDARD BOOK NUMBER
International Standard Book Number 9781837693115
020 ## - INTERNATIONAL STANDARD BOOK NUMBER
International Standard Book Number intechopen.107735
024 7# - OTHER STANDARD IDENTIFIER
Standard number or code 10.5772/intechopen.107735
Source of number or code doi
040 ## - CATALOGING SOURCE
Original cataloging agency oapen
Transcribing agency oapen
Modifying agency
041 0# - LANGUAGE CODE
Language code of text/sound track or separate title eng
042 ## - AUTHENTICATION CODE
Authentication code dc
245 00 - TITLE STATEMENT
Title Risk Management in Construction
Remainder of title Recent Advances
260 ## - PUBLICATION, DISTRIBUTION, ETC.
Name of publisher, distributor, etc. IntechOpen
Date of publication, distribution, etc. 2024
300 ## - PHYSICAL DESCRIPTION
Extent 1 online resource (158 p.)
336 ## - CONTENT TYPE
Content type term text
Content type code txt
Source rdacontent
337 ## - MEDIA TYPE
Media type term computer
Media type code c
Source rdamedia
338 ## - CARRIER TYPE
Carrier type term online resource
Carrier type code cr
Source rdacarrier
490 1# - SERIES STATEMENT
Series statement Civil Engineering
Volume/sequential designation 2
506 0# - RESTRICTIONS ON ACCESS NOTE
Standardized terminology for access restriction Unrestricted online access
Source of term star
520 ## - SUMMARY, ETC.
Summary, etc. This book presents recent research on risk management in the construction industry. It consists of eight chapters, each of which contains valuable information on specified areas of risk management engineering. Topics addressed include identifying, analyzing, assessing, controlling, and monitoring risk for planning and construction stages; risk management methods used in the construction industry and case studies; risk management for buildings, dams, highways, railways, nuclear power plants, underground structures, energy facilities, and their appurtenant structures. This book provides a comprehensive overview of the latest information in risk management in the construction industry.
540 ## - TERMS GOVERNING USE AND REPRODUCTION NOTE
Terms governing use and reproduction Creative Commons
-- https://creativecommons.org/licenses/by/3.0/
-- cc
Uniform Resource Identifier <a href="https://creativecommons.org/licenses/by/3.0/">https://creativecommons.org/licenses/by/3.0/</a>
546 ## - LANGUAGE NOTE
Language note English
650 #7 - SUBJECT ADDED ENTRY--TOPICAL TERM
Topical term or geographic name entry element Building construction & materials
Source of heading or term bicssc
720 1# - ADDED ENTRY--UNCONTROLLED NAME
Name Tosun, Hasan
Relator code edt
720 1# - ADDED ENTRY--UNCONTROLLED NAME
Name Gürsakal, Necmi
Relator code edt
720 1# - ADDED ENTRY--UNCONTROLLED NAME
Name Gürsakal, Necmi
Relator code oth
720 1# - ADDED ENTRY--UNCONTROLLED NAME
Name Sebatli-Saglam, Asli
Relator code edt
720 1# - ADDED ENTRY--UNCONTROLLED NAME
Name Sebatli-Saglam, Asli
Relator code oth
720 1# - ADDED ENTRY--UNCONTROLLED NAME
Name Tosun, Hasan
Relator code oth
793 0# -
-- DOAB Library.
856 ## - ELECTRONIC LOCATION AND ACCESS
Uniform Resource Identifier <a href="https://docs.google.com/spreadsheets/d/1yKIrdCPDAG_9c22mwoOIO2DOhtj65Wqa/edit?usp=sharing&ouid=106555315294820607512&rtpof=true&sd=true ">https://docs.google.com/spreadsheets/d/1yKIrdCPDAG_9c22mwoOIO2DOhtj65Wqa/edit?usp=sharing&ouid=106555315294820607512&rtpof=true&sd=true </a>
Link text List of Curated E-Books
942 ## - ADDED ENTRY ELEMENTS (KOHA)
Koha item type E-Book
Holdings
Withdrawn status Damaged status Not for loan Home library Current library Date acquired Total Checkouts Date last seen Price effective from Koha item type
      Directory of Open Access Books Directory of Open Access Books 12/09/2024   12/09/2024 12/09/2024 E-Book

University of Rizal System
Email us at univlibservices@urs.edu.ph

Visit our Website www.urs.edu.ph/library